MARC

LEADER 00000nam0a2200000 4500
001 125431
005 20231031131346.0
010 |a 0750308729 
035 |a (RuTPU)RU\TPU\book\135733 
090 |a 125431 
100 |a 20071115d2004 k y0engy50 ba 
101 0 |a eng 
102 |a GB 
105 |a a z 001zy 
200 1 |a Metal and Ceramic Matrix Composites  |f edited by: C. Brian; D. Fionn; S. Lan 
210 |a Bristol  |c Institute of Physics Publishing  |d 2004 
215 |a 429 p.  |c il. 
225 1 |a Series in Materials Science and Engineering 
320 |a Библиография в конце глав. 
610 1 |a материаловедение 
610 1 |a материалы 
610 1 |a композиционные материалы 
610 1 |a порошковые материалы 
610 1 |a металлы 
610 1 |a керамика 
610 1 |a металлокерамика 
610 1 |a английский язык 
610 1 |a производство 
610 1 |a применение 
675 |a 621.762  |v 3 
675 |a 666.63  |v 3 
702 1 |a Brian  |b C.  |g Cantor  |4 340 
702 1 |a Fionn  |b D.  |g Dunne  |4 340 
702 1 |a Lan  |b S.  |g Stone  |4 340 
801 1 |a RU  |b 63413507  |c 20071115  |g PSBO 
801 2 |a RU  |b 63413507  |c 20071123  |g PSBO 
942 |c BK